000 00775nam a22001457a 4500
999 _c524237
_d524237
008 231106b ||||| |||| 00| 0 eng d
100 _aSharma, Sapna K. and Sharma, Babita
_945727
245 _aPeople perception towards e-services in hilly area: A case study of e-districts in Himachal Pradesh
260 _aIndian Journal of Public Administration
300 _a69(3),Sep, 2023: p.666-677
520 _aIndia is the largest democracy in the world. The revolution of the Internet has brought a new agenda for the government. With the help of information and communication technology, it is possible that we can provide facilities to people sitting away. – Reproduced
773 _aIndian Journal of Public Administration
906 _aE-GOVERNANCE
942 _cAR